Mixed finite element: methods and applications

Furkejuvvon:
Bibliográfalaš dieđut
Váldodahkkit: Boffi, Daniele (Dahkki), Brezzi, Franco (Dahkki), Fortin, Michel (Dahkki)
Materiálatiipa: Girji
Giella:eaŋgalasgiella
Almmustuhtton: Berlín Springer 2013
Preanttus:1a. ed
Ráidu:Springer Series in Computational Mathematics, 44
Fáttát:
Fáddágilkorat: Lasit fáddágilkoriid
Eai fáddágilkorat, Lasit vuosttaš fáddágilkora!

MARC

LEADER 00000cam a2200000 a 4500
001 UCE9249
003 CL-VaPUC
008 151016e20130000gw |||||||||||||||||eng|d
020 |a 9783642365195 
082 0 4 |a 519.5  |b BOF  |2 21 
100 0 |a Boffi, Daniele  |e author  |9 582017 
700 0 |a Brezzi, Franco  |e author  |9 582018 
700 0 |a Fortin, Michel  |e author  |9 582019 
245 1 0 |a Mixed finite element: methods and applications 
250 |a 1a. ed 
300 |a 685 p 
942 |c BK 
945 |d 20151016 11:49:00  |a cmena 
260 |a Berlín  |b Springer  |c 2013 
650 0 |a Estadística matemática  |9 260028 
650 7 |a ELEMENTOS FINITOS  |2 CL-VaPUC  |9 423815 
650 7 |a ELASTICIDAD  |2 CL-VaPUC  |9 266503 
650 0 |a Electromagnetismo   |9 260123 
583 |a last modification  |c 20151016 11:49:00  |k Rodrigo Vera 
490 0 |a Springer Series in Computational Mathematics, 44 
999 |c 360919  |d 360917 
952 |0 0  |1 0  |3 erd  |4 0  |6 519_500000000000000_BOF_2013  |7 0  |8 A  |9 471198  |a BIBMAT  |b BIBMAT  |i 5243475  |o 519.5 BOF 2013  |p 5243475  |r 2025-01-07  |w 2019-11-24  |y BK  |z Catalogado en:20151016  |k MAT 
952 |0 0  |1 0  |3 erd  |4 0  |6 519_500000000000000_BOF_2013  |7 0  |8 A  |9 471199  |a BIBMAT  |b BIBMAT  |i 5287987  |o 519.5 BOF 2013  |p 5287987  |r 2025-01-07  |w 2019-11-24  |y BK  |z Catalogado en:20160526  |k MAT